<?xml version="1.0" encoding="UTF-8"?>
<record
    xmlns:xsi="http://www.w3.org/2001/XMLSchema-instance"
    xsi:schemaLocation="http://www.loc.gov/MARC21/slim http://www.loc.gov/standards/marcxml/schema/MARC21slim.xsd"
    xmlns="http://www.loc.gov/MARC21/slim">

  <leader>01205nam a2200289 a 4500</leader>
  <controlfield tag="001">000000836</controlfield>
  <controlfield tag="005">20200929145423.0</controlfield>
  <controlfield tag="008">090527s1985    sp            000 0 spa d</controlfield>
  <datafield tag="020" ind1=" " ind2=" ">
    <subfield code="a">8475093582</subfield>
  </datafield>
  <datafield tag="020" ind1=" " ind2=" ">
    <subfield code="a">9788475093581</subfield>
  </datafield>
  <datafield tag="040" ind1=" " ind2=" ">
    <subfield code="a">DO-SdBNP</subfield>
    <subfield code="b">spa</subfield>
    <subfield code="c">BNPHU</subfield>
  </datafield>
  <datafield tag="082" ind1=" " ind2=" ">
    <subfield code="a">836</subfield>
    <subfield code="b">R573c</subfield>
  </datafield>
  <datafield tag="100" ind1="1" ind2=" ">
    <subfield code="a">Rilke, Rainer Mar&#xED;a,</subfield>
    <subfield code="d">1875-1926</subfield>
    <subfield code="9">2953</subfield>
  </datafield>
  <datafield tag="245" ind1="1" ind2="0">
    <subfield code="a">Cartas sobre C&#xE9;zanne /</subfield>
    <subfield code="c">Rainer Mar&#xED;a Rilke ; editada Clara Rilke ; ep&#xED;logo y notas Heinrich Wiegand Petzet ; traducci&#xF3;n Nicanor Ancochea.</subfield>
  </datafield>
  <datafield tag="260" ind1=" " ind2=" ">
    <subfield code="a">Barcelona :</subfield>
    <subfield code="b">Paid&#xF3;s,</subfield>
    <subfield code="c">1985.</subfield>
  </datafield>
  <datafield tag="300" ind1=" " ind2=" ">
    <subfield code="a">94 p. ;</subfield>
    <subfield code="c">21 cm.</subfield>
  </datafield>
  <datafield tag="490" ind1="0" ind2=" ">
    <subfield code="a">Paid&#xF3;s est&#xE9;tica</subfield>
    <subfield code="v">3</subfield>
  </datafield>
  <datafield tag="500" ind1=" " ind2=" ">
    <subfield code="a">T&#xED;tulo original en alem&#xE1;n: Briefe &#xFC;ber C&#xE9;zanne</subfield>
  </datafield>
  <datafield tag="505" ind1="0" ind2=" ">
    <subfield code="a">Las cartas -- Ep&#xED;logo -- Ap&#xE9;ndice -- Notas a las cartas -- Referencias bibliogr&#xE1;ficas.</subfield>
  </datafield>
  <datafield tag="600" ind1="1" ind2="4">
    <subfield code="a">C&#xC9;ZANNE, PAUL,</subfield>
    <subfield code="d">1839-1906</subfield>
    <subfield code="x">CR&#xCD;TICA E INTERPRETACI&#xD3;N</subfield>
    <subfield code="9">2954</subfield>
  </datafield>
  <datafield tag="600" ind1="1" ind2="4">
    <subfield code="a">RILKE, RAINER MAR&#xCD;A,</subfield>
    <subfield code="d">1875-1926</subfield>
    <subfield code="v">CORRESPONDENCIAS, MEMORIAS, ETC.</subfield>
    <subfield code="9">2955</subfield>
  </datafield>
  <datafield tag="600" ind1="1" ind2="4">
    <subfield code="a">AUTORES GERM&#xC1;NICOS</subfield>
    <subfield code="y">SIGLO XX</subfield>
    <subfield code="v">CORRESPONDENCIAS, MEMORIAS, ETC.</subfield>
    <subfield code="9">2956</subfield>
  </datafield>
  <datafield tag="700" ind1="1" ind2=" ">
    <subfield code="a">Rilke, Clara,</subfield>
    <subfield code="e">ed.</subfield>
    <subfield code="9">2957</subfield>
  </datafield>
  <datafield tag="700" ind1="1" ind2=" ">
    <subfield code="a">Wiegand Petzet, Heinrich</subfield>
    <subfield code="9">2958</subfield>
  </datafield>
  <datafield tag="700" ind1="1" ind2=" ">
    <subfield code="a">Ancochea, Nicanor,</subfield>
    <subfield code="e">tr.</subfield>
    <subfield code="9">2959</subfield>
  </datafield>
  <datafield tag="830" ind1=" " ind2="0">
    <subfield code="a">Paid&#xF3;s est&#xE9;tica</subfield>
    <subfield code="n">3</subfield>
    <subfield code="9">2960</subfield>
  </datafield>
  <datafield tag="952" ind1=" " ind2=" ">
    <subfield code="0">0</subfield>
    <subfield code="1">0</subfield>
    <subfield code="5">2</subfield>
    <subfield code="7">5</subfield>
    <subfield code="8">DS</subfield>
    <subfield code="a">BNPHU</subfield>
    <subfield code="b">BNPHU</subfield>
    <subfield code="c">HD</subfield>
    <subfield code="d">2009-08-26</subfield>
    <subfield code="i">LF1</subfield>
    <subfield code="l">0</subfield>
    <subfield code="o">836 R573c</subfield>
    <subfield code="p">836-10</subfield>
    <subfield code="r">2020-06-25</subfield>
    <subfield code="w">2020-06-25</subfield>
    <subfield code="y">LF1</subfield>
    <subfield code="Z">Pr&#xE9;stamo interno</subfield>
  </datafield>
  <datafield tag="999" ind1=" " ind2=" ">
    <subfield code="c">832</subfield>
    <subfield code="d">832</subfield>
  </datafield>
</record>
